Ship stability for masters and mates / (Record no. 3331)

000 -LEADER
fixed length control field 06682cam a2200505 a 4500
006 - FIXED-LENGTH DATA ELEMENTS--ADDITIONAL MATERIAL CHARACTERISTICS--GENERAL INFORMATION
fixed length control field m o d
007 - PHYSICAL DESCRIPTION FIXED FIELD--GENERAL INFORMATION
fixed length control field cr cn|||||||||
008 - FIXED-LENGTH DATA ELEMENTS--GENERAL INFORMATION
fixed length control field 070806s2006 enka obm 001 0 eng d
020 ## - INTERNATIONAL STANDARD BOOK NUMBER
International Standard Book Number 9780750667845
020 ## - INTERNATIONAL STANDARD BOOK NUMBER
International Standard Book Number 0750667842
040 ## - CATALOGING SOURCE
Original cataloging agency IMU Kochi Library
Language of cataloging eng
041 0# - LANGUAGE CODE
Language code of text/sound track or separate title eng
082 04 - DEWEY DECIMAL CLASSIFICATION NUMBER
Classification number 623.8171
Edition number 22
100 1# - MAIN ENTRY--PERSONAL NAME
Personal name Derrett, D. R.
245 10 - TITLE STATEMENT
Title Ship stability for masters and mates /
250 ## - EDITION STATEMENT
Edition statement 6th consolidated ed., rev. by C.B. Barrass.
260 ## - PUBLICATION, DISTRIBUTION, ETC. (IMPRINT)
Place of publication, distribution, etc Oxford :
Name of publisher, distributor, etc Butterworth-Heinemann,
Date of publication, distribution, etc �2006.
300 ## - PHYSICAL DESCRIPTION
Extent 1 online resource (xiv, 534 pages) :
Other physical details illustrations
520 ## - SUMMARY, ETC.
Summary, etc Understanding ship stability is critical for all maritime students or professionals who are studying for a deck or engineering certificate of competency, or seeking promotion to a higher rank within any branch of the merchant marine or Navy. The sixth edition of the now classic 'Ship Stability' provides a comprehensive introduction to all aspects of ship stability and ship strength, squat, interaction and trim, materials stresses and forces. * The market leading ship stability text, widely used at sea and on shore * New content includes coverage of now-mandatory double-skin tankers and fast ferries * Meets STCW (Standards of Training, Certification & Watchkeeping) requirements and includes self-examination material: essential reading for professionals and students alike.
505 0# - FORMATTED CONTENTS NOTE
Formatted contents note Linking Ship Stability and Ship Motions: Forces and Moments; Centroids and the centre of gravity; Density and specific gravity; Laws of flotation; Effect of density on draft and displacement; Transverse statical stability; Effect of free surface of liquids on stability; TPC and displacement curves; Form coefficients; Simpsons Rules for areas and centroids; Second moments of areas; Calculating KB, BM and Metacentric Diagrams; Final KG twenty reasons for a rise in G; Angle of List; Moments of statical stability; Trim or longitudinal stability; Stability and hydrostatic curves; Increase in draft due to list; Water pressure; Combined list and trim; Calculating the effect of free surface of liquids (FSE); Bilging and permeability; Dynamical stability; Effect of beam and freeboard on stability; Effects of side winds on stability; Icing allowances -- effects on trim and stability; Floodable and Permissible length curves; Tabular and assigned Freeboard Marks; Timber ship Freeboard marks; IMO Grain Rules and angle of list; Angle of Loll; True mean draft; The Inclining Experiment or Stability Test; Effect of trim on tank soundings; Drydocking and grounding; Liquid pressure and thrust -- Centres of pressure; Ship squat; Interaction; Heel due to turning; Rolling, pitching and heaving motions; Synchronous rolling and Parametric rolling of ships; List due to bilging side compartments; Effect of change of density on draft and trim; List with zero metacentric height; The Deadweight Scale; The Trim and Stability book; The Calibration book soundings and ullages; Simplified stability information; A trim and stability pro-forma sheet; Linking Ship Stability and Ship Strength: Bending of beams; Bending of ships; Strength curves for ships; Bending and shear stresses.
504 ## - BIBLIOGRAPHY, ETC. NOTE
Bibliography, etc Includes bibliographical references and index.
505 0# - FORMATTED CONTENTS NOTE
Formatted contents note Forces and moments -- Centroids and the centre of gravity -- Density and specific gravity -- Laws of flotation -- Group weights, water draft, air draft and density -- Transverse statical stability -- Effect of free surface of liquids on stability -- TPC and displacement curves -- Form coefficients -- Simpson's rules for areas and centroids -- Second moments of area -- Moments of inertia -- Calculating KB, BM and metacentric diagrams -- Final KG plus twenty reasons for a rise in G -- Angle of list -- Moments of statical stability -- Trim or longitudinal stability -- Stability and hydrostatic curves -- Increase in draft due to list -- Water pressure -- Combined list and trim -- Calculating the effect of free surface liquids (FSE) -- Bilging and permeability -- Dynamical stability -- Effect of beam and freeboard on stabilty -- Effects of side winds on stability -- Icing allowances plus effects on trim and stability -- Type A, Type B, and Type (B-60) vessels plus FL and PL curves (as governed by DfT regulations) -- Load lines and freeboard marks -- Timber ship freeboard marks -- IMO grain rules for the safe carriage of grain in bulk -- Angle of loll -- True mean draft -- The inclining experiment plus fluctuations in a ship's lightweight -- The calibration book plus soundings and ullages -- Dry docking and grounding -- Liquid pressure and thrust plus centres of pressure -- Ship squat in open water and in confined channels -- Interaction, including two case studies -- Heel due to turning -- Rolling, pitching and heavy motions -- Synchronous rolling and parametric rolling of ships -- List due to bilging side compartments -- Effect of change of density on draft and trim -- List with zero metacentric height -- The deadweight scale -- The trim and stabilty book -- Simplified stability information -- The stability pro-forma -- Nomenclature of ship terms -- Photographs of merchant ships -- Ships of this millennium -- Bending of beams -- Bending of ships -- Strength curves for ships -- Bending and shear stresses -- Draft surveys -- Quality control plus the work of ship purveyors -- Extracts from the 1998 Merchant Shipping (Load Line) Regulations Reference Number MSN 1752 (M) -- Keeping up to date -- Summary of stability formulae -- SQA / MCA 2004 syllabuses for masters and mates -- Specimen exam questions with marking scheme -- 100 revision one-liners -- How to plass exams in maritime studies.
650 #0 - SUBJECT ADDED ENTRY--TOPICAL TERM
Topical term or geographic name as entry element Stability of ships.
650 #0 - SUBJECT ADDED ENTRY--TOPICAL TERM
Topical term or geographic name as entry element Naval architecture.
650 #0 - SUBJECT ADDED ENTRY--TOPICAL TERM
Topical term or geographic name as entry element Ships
General subdivision Hydrodynamics.
650 #6 - SUBJECT ADDED ENTRY--TOPICAL TERM
Topical term or geographic name as entry element Architecture navale.
650 #6 - SUBJECT ADDED ENTRY--TOPICAL TERM
Topical term or geographic name as entry element Navires
General subdivision Hydrodynamique.
650 #7 - SUBJECT ADDED ENTRY--TOPICAL TERM
Topical term or geographic name as entry element naval architecture.
Source of heading or term aat
650 #7 - SUBJECT ADDED ENTRY--TOPICAL TERM
Topical term or geographic name as entry element Naval architecture.
Source of heading or term fast
650 #7 - SUBJECT ADDED ENTRY--TOPICAL TERM
Topical term or geographic name as entry element Ships
General subdivision Hydrodynamics.
Source of heading or term fast
650 #7 - SUBJECT ADDED ENTRY--TOPICAL TERM
Topical term or geographic name as entry element Stability of ships.
Source of heading or term fast
655 #2 - INDEX TERM--GENRE/FORM
Genre/form data or focus term Academic Dissertation
655 #7 - INDEX TERM--GENRE/FORM
Genre/form data or focus term Academic theses.
Source of term fast
655 #7 - INDEX TERM--GENRE/FORM
Genre/form data or focus term Academic theses.
Source of term lcgft
655 #7 - INDEX TERM--GENRE/FORM
Genre/form data or focus term Th�eses et �ecrits acad�emiques.
Source of term rvmgf
700 1# - ADDED ENTRY--PERSONAL NAME
Personal name Barrass, C. B.
852 ## - LOCATION/CALL NUMBER
Location IMU Kochi Library
856 ## - ELECTRONIC LOCATION AND ACCESS
Uniform Resource Identifier <a href="https://www.sciencedirect.com/science/book/9780750667845">https://www.sciencedirect.com/science/book/9780750667845</a>
904 ## - LOCAL DATA ELEMENT D, LDD (RLIN)
CATALOGER Rudra Ranjan
905 ## - LOCAL DATA ELEMENT E, LDE (RLIN)
VERIFIER Rudra Ranjan
942 ## - ADDED ENTRY ELEMENTS (KOHA)
Item type E-Book
338 ## -
-- online resource
650 #6 - SUBJECT ADDED ENTRY--TOPICAL TERM
-- (CaQQLa)201-0019688
650 #6 - SUBJECT ADDED ENTRY--TOPICAL TERM
-- (CaQQLa)201-0045585
650 #7 - SUBJECT ADDED ENTRY--TOPICAL TERM
-- (CStmoGRI)aat300054159
650 #7 - SUBJECT ADDED ENTRY--TOPICAL TERM
-- (OCoLC)fst01034917
650 #7 - SUBJECT ADDED ENTRY--TOPICAL TERM
-- (OCoLC)fst01116512
650 #7 - SUBJECT ADDED ENTRY--TOPICAL TERM
-- (OCoLC)fst01131222
655 #2 - INDEX TERM--GENRE/FORM
-- (DNLM)D019478
655 #7 - INDEX TERM--GENRE/FORM
-- (OCoLC)fst01726453
655 #7 - INDEX TERM--GENRE/FORM
-- (CaQQLa)RVMGF-000001173

No items available.



Copyright © All Rights Reserved by Indian Maritime University, Kochi Campus.
For any Suggestions/Query Contact to library or Email: library.kochi@imu.ac.in Ph:(0484)-2989402
(Web OPAC Designed by Rudra Ranjan. Maintained by IMU Kochi Library)

Powered by Koha